书目信息 |
| 题名: |
危险化学品包装
|
|
| 作者: | 张少岩 编著 | |
| 分册: | ||
| 出版信息: | 北京 化学工业出版社 2005 |
|
| 页数: | 242页 | |
| 开本: | 24cm | |
| 丛书名: | 危险化学品安全丛书 | |
| 单 册: | ||
| 中图分类: | TQ086.5 | |
| 科图分类: | ||
| 主题词: | 化工产品--危险材料--包装 , 化工产品 , 危险材料 , 包装 | |
| 电子资源: | ||
| ISBN: | 7-5025-7423-9 | |
| 000 | 00949oam2 2200289 450 | |
| 001 | 012007221880 | |
| 005 | 20070517111444.39 | |
| 010 | @a7-5025-7423-9@dCNY29.00 | |
| 100 | @a20070509d2005 km y0chiy0120 ea | |
| 101 | 0 | @achi |
| 102 | @aCN@b110000 | |
| 105 | @ay z 000yy | |
| 106 | @ar | |
| 200 | 1 | @a危险化学品包装@Awei xian hua xue pin bao zhuang@f张少岩编著@Fzhang shao yan bian zhu |
| 210 | @a北京@c化学工业出版社@d2005 | |
| 215 | @a242页@d24cm | |
| 225 | 2 | @a危险化学品安全丛书 |
| 330 | @a本书共分六章和七个附录,内容包括:危险化学品基本知识、包装概述、危险品包装制造和试验要求、危险品包装和罐体的使用规范、危险品包装管理规定以及危险品包装检验标准等。 | |
| 461 | 0 | @12001 @a危险化学品安全丛书 |
| 606 | 0 | @a化工产品@x危险材料@x包装 |
| 606 | 0 | @a化工产品 |
| 606 | 0 | @a危险材料 |
| 606 | 0 | @a包装 |
| 690 | @aTQ086.5@v4 | |
| 701 | 0 | @a张少岩@Azhang shao yan@4编著 |
| 801 | 0 | @aCN@bRULIN@c20070517 |
| 905 | @dTQ086.5@e118@s8 | |
| 危险化学品包装/张少岩编著.-北京:化学工业出版社,2005 |
| 242页;24cm.-(危险化学品安全丛书) |
| ISBN 7-5025-7423-9:CNY29.00 |
| 本书共分六章和七个附录,内容包括:危险化学品基本知识、包装概述、危险品包装制造和试验要求、危险品包装和罐体的使用规范、危险品包装管理规定以及危险品包装检验标准等。 |
| ● |
| 相关链接 |
|
|
|
|
正题名:危险化学品包装
索取号:TQ086.5/118
 
预约/预借
| 序号 | 登录号 | 条形码 | 馆藏地/架位号 | 状态 | 备注 |
| 1 | 0578147 | 205781475 | 第二样本阅览室/ [索取号:TQ086.5/118] | 在馆 | |
| 2 | 0578148 | 205781484 | 第三借阅区/ [索取号:TQ086.5/118] | 在馆 | |
| 3 | 0578149 | 205781493 | 第三借阅区/ [索取号:TQ086.5/118] | 在馆 | |
| 4 | 0578150 | 205781509 | 第三借阅区/ [索取号:TQ086.5/118] | 在馆 | |
| 5 | 0578151 | 205781518 | 第三借阅区/ [索取号:TQ086.5/118] | 在馆 | |
| 6 | 0578152 | 205781527 | 密集书库/ [索取号:TQ086.5/118] | 在馆 | |
| 7 | 0578153 | 205781536 | 密集书库/ [索取号:TQ086.5/118] | 在馆 | |
| 8 | 0578154 | 205781545 | 密集书库/ [索取号:TQ086.5/118] | 在馆 |